Emoji fairytales - Statistics

General Stats
  • This quiz has been taken 114 times
  • The average score is 6 of 8
Answer Stats
Hint Answer % Correct
πŸ§‘πŸ»β€πŸ¦±πŸ§™πŸ»β€β™€οΈ7οΈβƒ£πŸŽβš°οΈπŸ’‹πŸ‘° Snow white
94%
πŸ‘±πŸ»β€β™€οΈπŸ‘—πŸ₯ΏπŸ­πŸ‘΅πŸͺ„πŸ’ Cinderella
90%
πŸ‘©πŸ‘˜πŸ§ΊπŸ₯―πŸΊπŸ‘΅ Little Red Riding hood
78%
πŸͺ‘πŸ›πŸ‘ΈπŸŒΉπŸ₯€πŸ’‹πŸ€΄ Sleeping beauty
77%
πŸ‘§πŸΌπŸ»πŸ»πŸ»πŸ₯£πŸͺ‘πŸ› Goldilocks and the three bears
76%
πŸ‘±πŸ»β€β™€οΈπŸ‘—πŸ°πŸ‡πŸͺž Alice's adventures in wonderland
74%
πŸ‘ΈπŸΏπŸ’‹πŸΈβž‘οΈπŸ€΄ The princess and the frog
72%
πŸ„πŸ§’πŸŒ±πŸ“πŸ’›πŸ₯š Jack and the bean stalk
67%
No matching quizzes found
Score Distribution
Percent of People with Each Score
Percentile by Number Answered
Your Score History
You have not taken this quiz